00685nam a2200145Ia 4500008004100000050002300041100002800064245018900092260008600281300002800367521001200395942000700407999001900414952010600433140724s9999 xx 000 0 und d aRC 111b.D413 2009 aDenopol, Jan Vincent M. 2aA study on the relationship of compliance with the early childhood immunization program the profile of mother at a Barangay Health Center in Las Piñas City /cJan Vincent M. Denopol. aLas Piñas, Philippines :bSouthville International School and Colleges,cc2009. a74 p. :bill. ;c28 cm. aNursing cTH c229152d229152 001040aCLbCLcTHESESd2014-07-24l0oRC 111 .D413 2009pT0506r2018-05-15 00:00:00w2014-07-24yTH